Envejecimiento y pensiones en Cuba: la carga creciente /

Guardat en:
Dades bibliogràfiques
Autor principal: Mesa-Lago, Carmelo
Format: Text
Etiquetes: Afegir etiqueta
Sense etiquetes, Sigues el primer a etiquetar aquest registre!

MARC

LEADER 00000 a a2200000 04500
001 10916
003
040
100 |a Mesa-Lago, Carmelo  
245 |a Envejecimiento y pensiones en Cuba:   |b la carga creciente /  |c Carmelo Mesa-Lago 
773 |g número 216; páginas 123-132  
999 |c 29269  |d 29269